[Event "Negambo op 4th"]
[Site "Negambo"]
[Date "2018.08.18"]
[Round "5"]
[White "Hapugala, HADK"]
[Black "Akash, PA Oditha"]
[Result "1-0"]
[WhiteElo "1130"]
[BlackElo "1509"]
[PlyCount "141"]
[EventDate "2018.08.16"]
[EventType "swiss"]
[EventRounds "10"]
[EventCountry "SRI"]
[SourceTitle "CBM 186 Extra"]
[Source "ChessBase"]
[SourceDate "2018.08.24"]
[SourceVersion "1"]
[SourceVersionDate "2018.08.24"]
[SourceQuality "1"]

1. e4 d5 2. exd5 Qxd5 3. Nc3 Qd6 4. d4 Nf6 5. Be3 g6 6. Nf3 Bg7 7. h3 a6 8. Qd2 Nc6 9. a3 Bf5 10. Bd3 Bxd3 11. Qxd3 0-0-0 12. 0-0-0 Nh5 13. Ne2 Rhe8 14. Ng5 Rf8 15. Nxh7 Rh8 16. Ng5 Rhf8 17. Qb3 e6 18. Ne4 Qd5 19. Qxd5 Rxd5 20. g4 Nf6 21. Nxf6 Bxf6 22. c3 Rh8 23. Nf4 Rd6 24. d5 Nd8 25. dxe6 Nxe6 26. Rxd6 cxd6 27. Nxe6 fxe6 28. Kd2 Kd7 29. f4 d5 30. Bd4 Bxd4 31. cxd4 Kc6 32. Ke3 Kd6 33. Rh2 Ke7 34. h4 Kf6 35. Kf3 Kf7 36. h5 gxh5 37. Rxh5 Rb8 38. Rh7+ Kg6 39. Rc7 Kf6 40. g5+ Kg6 41. Re7 Kf5 42. Rf7+ Kg6 43. Rf6+ Kg7 44. Rxe6 Rh8 45. Re7+ Kg6 46. Rxb7 Rh2 47. Rb6+ Kg7 48. Rxa6 Rxb2 49. Ra5 Rb3+ 50. Kg4 Rd3 51. Rxd5 Rxa3 52. Kf5 Ra7 53. Rd6 Re7 54. d5 Kf7 55. Re6 Rd7 56. d6 Kf8 57. g6 Rd8 58. Ke5 Kg7 59. f5 Ra8 60. Re7+ Kg8 61. d7 Kf8 62. Re8+ Rxe8+ 63. dxe8Q+ Kxe8 64. f6 Kf8 65. Ke6 Ke8 66. g7 Kd8 67. g8Q+ Kc7 68. f7 Kc6 69. Qc8+ Kb5 70. f8Q Kb6 71. Qfc5# 1-0

[Event "Negombo op 3rd"]
[Site "Negambo"]
[Date "2017.08.20"]
[Round "2"]
[White "Hapugala, HADK"]
[Black "De Silva, Osheen"]
[Result "0-1"]
[WhiteElo "1107"]
[BlackElo "1902"]
[PlyCount "64"]
[EventDate "2017.08.20"]
[EventType "swiss"]
[EventRounds "10"]
[EventCountry "SRI"]
[SourceTitle "CBM 180 Extra"]
[Source "ChessBase"]
[SourceDate "2017.10.06"]
[SourceVersion "1"]
[SourceVersionDate "2017.10.06"]
[SourceQuality "1"]

1. e4 c5 2. Nf3 d6 3. d4 cxd4 4. Nxd4 Nf6 5. Nc3 a6 6. Be3 e5 7. Nf3 Qc7 8. Bd3 b5 9. a3 Be7 10. 0-0 0-0 11. Qd2 Nbd7 12. Rfd1 Nb6 13. h3 Nc4 14. Bxc4 Qxc4 15. Qd3 Qc7 16. Bg5 Be6 17. Bxf6 gxf6 18. Nh4 Kh8 19. Qf3 Rg8 20. Nf5 Bxf5 21. Qxf5 Rg5 22. Qf3 Rag8 23. Nd5 Qd7 24. Nxf6 Rxg2+ 25. Kh1 Bxf6 26. Qxf6+ R8g7 27. Qf5 Qxf5 28. exf5 Rxf2 29. Rxd6 Rxf5 30. Rxa6 Rf3 31. Ra8+ Rg8 32. Rxg8+ Kxg8 0-1